| 000 | 01085cam a2200361 i 4500 | ||
|---|---|---|---|
| 650 | 0 |
_aTurkish fiction _97165 |
|
| 999 |
_c200429554 _d47478 |
||
| 001 | 200429554 | ||
| 003 | TR-AnTOB | ||
| 005 | 20240925073656.0 | ||
| 007 | ta | ||
| 008 | 161222s2016 tu g 00 t tt t1 tur | ||
| 020 | _a9786055147686 | ||
| 040 |
_aANKA _beng _erda _cANKA _dTR-AnTOB |
||
| 041 | 0 | _atur | |
| 050 | 0 | 0 |
_aPL248.Y34 _bH9 2016 |
| 090 |
_aPL248.Y34 _bH9 2016 |
||
| 100 | 1 |
_aYağmur, Sinan, _d1965- _eauthor _997905 |
|
| 245 | 1 | 0 |
_aHz. Ali ve Fatma : _başkın meali 3 / _cSinan Yağmur. |
| 246 | 3 | 0 | _aAşkın meali |
| 250 |
_a1. Basım _bEkim 2016 |
||
| 264 | 1 |
_aİstanbul : _bKapı Yayınları, _c2016. |
|
| 264 | 4 | _c© 2016 | |
| 300 |
_a391 pages ; _c21 cm |
||
| 336 |
_atext _2rdacontent |
||
| 337 |
_aunmediated _2rdamedia |
||
| 338 |
_avolume _2rdacarrier |
||
| 490 | 0 |
_aKapı Yayınları ; _v532 _aEdebiyat ; _v208 |
|
| 504 | _aIncludes bibliographical references (page 391) | ||
| 590 | _aDonated by Burak Altıntaş | ||
| 650 | 7 |
_aTürk romanı _2etuturkob _99421 |
|
| 942 |
_2lcc _cBK |
||